000 00884nam a2200289Ia 4500
001 Para_8160
003 CHAP
008 220125s1902 xx 000 0 und d
010 _a207072
040 _cCHAP
082 _aPA-C 595.75 H4
100 _aLowe, V. H.
_9172663
245 _aSan José Scale investigations IV /
_c by V.A. Lowe and P.J. Parrot
260 _aGeneva, N.Y. :
_b Agricultural Experiment Station
300 _a392- 456 p.
440 _aHemiptera; 15
_9173479
500 _aEncuadernado con otros impresos similares
650 _a
_x Hemípteros
_x colecciones de escritos
_x Aspidiotus
_9171914
710 _aNew York. Agr. Exp. Sta. Bulletin; 228
_9173524
901 _aPA-C 595.75 H4
902 _aA
905 _a0000001902 i 0000000000 00
910 _a1902
942 _cPARA
942 _cPARA
_d1
999 _c207072
_d207072